| 000 | 00816nam a2200253 a 4500 | ||
|---|---|---|---|
| 008 | |||
| 020 | _a0717116085 (pbk.) | ||
| 049 | _aMAIN | ||
| 090 | 0 | 0 | _aHF5549.2.I68GUN |
| 100 | _aGunnigle, Patrick | ||
| 245 | 0 | 0 |
_aPersonnel management in Ireland : _bpractice, trends and developments / _cPatrick Gunnigle & Patrick Flood. |
| 260 |
_aDublin, Ireland : _bGill and MacMillan, _c1990. |
||
| 300 |
_a355 p. : _bill. ; _c24 cm. |
||
| 440 | 0 | _aIrish studies in management | |
| 500 | _aIncludes index. | ||
| 504 | _aIncludes bibliographical references. | ||
| 650 | 0 |
_aPersonnel management _zIreland. |
|
| 700 | 1 | _aFlood, Patrick. | |
| 907 |
_a.b10152416 _b16-11-10 _c21-02-05 |
||
| 003 | |||
| 005 | 20230123133958.0 | ||
| 040 | _cNUST | ||
| 942 |
_cBOOKS _kHF5549.2.I68GUN |
||
| 999 |
_c157917 _d157917 |
||